000 00629nam a2200205Ia 4500
005 20260629163254.0
008 260629s9999||||xx |||||||||||||| ||und||
020 _a9789388322461
_qpbk
082 _a294.535
_bTIL
100 _aTilak, Sudha G.
245 0 _aTemple tales : secrets and stories from India's sacred places
260 _aGurugram
_bHachette India
_c2019
300 _axiii, 184p. ; 20cm.
653 _aHindu mythology
653 _aHindu pilgrims and pilgrimages—India
653 _aIndia—Religious life and customs
653 _aSacred sites—India
653 _aTemples, Hindu—India
942 _cBK
999 _c57281
_d57281